000
00279pam a2200133 a 4500
020
_c
041
_h
082
_a
658
_b
TUR
100
_a
Turner,Colin
245
_a
Lead To Succeed
_h
Textual Documents
260
_a
New York
_b
Texere
_c
2002
300
_a
XX/240
930
_a
6068
999
_c
112896
_d
112896